| 000 | 01018nam a2200265Ia 4500 | ||
|---|---|---|---|
| 003 | OSt | ||
| 005 | 20220923211120.0 | ||
| 006 | a|||||r|||| 00| 0 | ||
| 007 | ta | ||
| 008 | 220922b |||||||| |||| 00| 0 hin d | ||
| 020 |
_a8181435621 (hbk) _c425 |
||
| 024 | _a242,955 | ||
| 037 |
_b481, 26/02/2010, Vani Prakashan _cTextual |
||
| 040 |
_aARTS _cARTS _bhin |
||
| 041 |
_2hin _ahin |
||
| 082 | _aY73(P15171):1, 152P6 | ||
| 100 |
_aओझा, सत्यदेव _9158383 |
||
| 245 | 0 |
_aभोजपुरी कहावतें _b एक सांस्कृतिक अध्ययन |
|
| 246 | _aBhojapurī kahāvatean: ek sāanskṛutik adhyayana | ||
| 260 |
_aनई दिल्ली _b वाणी प्रकाशन _c2006 |
||
| 300 |
_a418पृ. _ccm. |
||
| 650 |
_aभारतीय-लोक साहित्य _9158384 |
||
| 942 |
_hY73(P15171):1, 152P6 _cTEXL _2CC |
||
| 999 |
_c295480 _d295480 |
||